La Catedral de Toledo 1549 : según el Dr. Blas Ortiz : descripcion graphica y elegantissima de la S. Iglesia de Toledo /
Includes the transcription of Blas Ortiz' Summi templi Toletani perquam graphica descriptio, published 1549 in Toledo by Juan de Ayala, as well as the text of the Spanish translation attributed to Alfonso Cedillo.
Saved in:
| Main Author: | |
|---|---|
| Other Authors: | , |
| Format: | Book |
| Language: | Spanish Latin |
| Published: |
Madrid :
Antonio Pareja,
[1999]
|
| Subjects: | |
| Tags: |
Add Tag
No Tags, Be the first to tag this record!
|
| LEADER | 01710nam a2200361Ia 4500 | ||
|---|---|---|---|
| 001 | 008602833-2 | ||
| 005 | 20020606104010.5 | ||
| 008 | 010329s1999 sp ah b 001|0dspa d | ||
| 020 | |a 8493006114 | ||
| 035 | 0 | |a ocm47973183 | |
| 035 | 0 | |a ocm41234824 | |
| 040 | |a I5B |b spa |c I5B |d JHE |d PL# | ||
| 041 | 0 | |a spalat |h lat | |
| 043 | |a e-sp--- | ||
| 045 | |a t4t4 | ||
| 050 | 0 | 0 | |a NA5811.T63 |b G66 1999 |
| 090 | |a NA5811.T6 |b G65 1999 | ||
| 100 | 1 | |a Gonzálvez Ruiz, Ramón. | |
| 245 | 1 | 3 | |a La Catedral de Toledo 1549 : |b según el Dr. Blas Ortiz : descripcion graphica y elegantissima de la S. Iglesia de Toledo / |c Ramón Gonzálvez, Felipe Pereda. |
| 246 | 3 | |a Descripcion graphica y elegantissima de la S. Iglesia de Toledo | |
| 260 | |a Madrid : |b Antonio Pareja, |c [1999] | ||
| 300 | |a 302 p. : |b col. ill., facsims. ; |c 31 cm. | ||
| 504 | |a Includes bibliographical references and indexes. | ||
| 505 | 0 | 0 | |t Blas Ortiz y su mundo / |r Ramón Gonzálvez Ruiz -- |t Leer en la catedral : la experiencia de la arquitectura en 1549 / |r Felipe Perada -- |t La catedral de Toledo 1549, según el Dr. Blas Ortiz. |
| 520 | |a Includes the transcription of Blas Ortiz' Summi templi Toletani perquam graphica descriptio, published 1549 in Toledo by Juan de Ayala, as well as the text of the Spanish translation attributed to Alfonso Cedillo. | ||
| 546 | |a Introduction in Spanish; Latin and Spanish text in parallel columns. | ||
| 610 | 2 | 0 | |a Catedral de Toledo. |
| 650 | 0 | |a Church architecture |z Spain |z Toledo |v Early works to 1800. | |
| 600 | 1 | 0 | |a Ortiz, Blas, |d 1485-1552. |
| 700 | 1 | |a Pereda, Felipe. | |
| 700 | 1 | 2 | |a Ortiz, Blas, |d 1485-1552. |t Summi templi Toletani perquam graphica descriptio. |
| 988 | |a 20020608 | ||
| 906 | |0 OCLC | ||


